000 00547nam a22002297a 4500
003 UA-OsUOA
001 67945
007 ta
008 20100322b un ||||| |||| 00| 0 ukr d
100 _aТрофимович В.
700 _aБлизняк К.
090 _a908
_bТ76
942 _cSA
040 _aUA-OsUOA
_bukr
_cUA-OsUOA
_dUA-OsUOA
245 _a"136 призвідців голодомору"
300 _aС.9
955 _a0
041 _aukr
080 _a908
773 0 _w67943
650 7 _a908 Краєзнавство
_2UDC
999 _c354081
_d354081